000 00353 a2200157 4500
001 12891
020 _a9788540501041
040 _cAnchieta - Aquarius
100 _aLuiz Antonio
240 1 0 _aUma princesa nada boba
_lpor
245 1 0 _aUma princesa nada boba
300 _a64
362 0 _a2011
650 4 _aLiteratura infanto-juvenil
942 _cBK
999 _c12891
_d12891